| 000 | 00517nam a2200193Ia 4500 | ||
|---|---|---|---|
| 999 |
_c1717 _d1717 |
||
| 003 | OSt | ||
| 005 | 20200928132643.0 | ||
| 008 | 190216s9999||||xx |||||||||||||| ||und|| | ||
| 020 | _a9788183984058 | ||
| 040 | _coclc | ||
| 082 |
_a585 _bSHA/G |
||
| 100 |
_aSharma, O P _95082 |
||
| 245 | 0 |
_aGymnosperms / _cO P Sharma ; Shivani Dixit |
|
| 250 | _a6th Ed. | ||
| 260 |
_bPragathi Prakashan, _aMeerut: _c2004. |
||
| 300 | _a344p | ||
| 650 | _aBotany | ||
| 942 |
_cBK _2ddc _h585 _iSHA/G _k585 _mSHA/G |
||